Historia de América / (Record no. 6997)

MARC details
000 -LEADER
campo de control de longitud fija 01111nam a2200277 i 4500
001 - NÚMERO DE CONTROL
campo de control 6997
003 - IDENTIFICADOR DE NÚMERO DE CONTROL
campo de control ES-MaACL
005 - FECHA Y HORA DE LA ÚLTIMA TRANSACCIÓN
campo de control 20230906145134.0
007 - CAMPO FIJO DE DESCRIPCIÓN FÍSICA--INFORMACIÓN GENERAL
campo de control de longitud fija t|
008 - DATOS DE LONGITUD FIJA--INFORMACIÓN GENERAL
campo de control de longitud fija 900720r19891952sp ||||1| spa d
020 ## - NÚMERO INTERNACIONAL ESTÁNDAR DEL LIBRO
Número Internacional Estándar del Libro 84-7090-213-X
080 ## - NÚMERO DE LA CLASIFICACIÓN DECIMAL UNIVERSAL
Número de la Clasificación Decimal Universal 9(7/8)
100 1# - ENTRADA PRINCIPAL--NOMBRE DE PERSONA
Nombre de persona Ballesteros Gaibrois, Manuel,
Fechas asociadas al nombre 1911-2002
9 (RLIN) 25056
245 10 - MENCIÓN DEL TÍTULO
Título Historia de América /
Mención de responsabilidad, etc. Manuel Ballesteros Gaibrois ; ... presentación por José M. Gómez Tabanera.
260 ## - PUBLICACIÓN, DISTRIBUCIÓN, ETC.
Lugar de publicación, distribución, etc. Madrid :
Nombre del editor, distribuidor, etc. Istmo,
Fecha de publicación, distribución, etc. 1989.
300 ## - DESCRIPCIÓN FÍSICA
Extensión XXII, 706 p. :
Otras características físicas il. ;
Dimensiones 22 cm.
490 1# - MENCIÓN DE SERIE
Mención de serie Colegio universitario de Ediciones Istmo. Textos redivivos, libros perdurables
-- 8, 8 ;
Designación de volumen o secuencia 8
500 ## - NOTA GENERAL
Nota general Apéndice del autor a la presente reimpresión.
504 ## - NOTA DE BIBLIOGRAFÍA, ETC.
Nota de bibliografía, etc. Bibliografía : p. 523-534.
534 ## - NOTA SOBRE LA VERSIÓN ORIGINAL
Frase introductoria Reprod. de :,
Mención de edición del original -- 2ª ed,
Publicación, distribución, etc. del original -- Madrid : Pegaso, 1952.
651 #4 - PUNTO DE ACCESO ADICIONAL DE MATERIA--NOMBRE GEOGRÁFICO
Nombre geográfico América-
Subdivisión general Historia.
9 (RLIN) 7703
700 0# - ENTRADA AGREGADA--NOMBRE PERSONAL
Nombre de persona Gómez-Tabanera, José Manuel,
Fechas asociadas al nombre 1926-2011
9 (RLIN) 58165
830 0# - PUNTO DE ACCESO ADICIONAL DE SERIE-TÍTULO UNIFORME
Título uniforme Colegio universitario de Ediciones Istmo. Textos redivivos, libros perdurables
Subcampo de control 8, 8 ;
Designación de volumen o secuencia 8
9 (RLIN) 227257
852 ## - LOCALIZACIÓN
Ubicación ES-MaACL
Número de control de estantería L-14303
Sublocalización o colección R.118200
Nota libre . - rust.
Holdings
Estatus retirado Estado de pérdida Estado de daño No para préstamo Biblioteca de origen Biblioteca actual Ubicación en estantería Fecha de adquisición Fuente de adquisición Total de préstamos Signatura topográfica completa Código de barras Visto por última vez Precio de reemplazo Tipo de ítem Koha
        Biblioteca del Ateneo de Madrid Biblioteca del Ateneo de Madrid Depósito 2 17/01/2008     L-14303 1007134 23/02/2023 23/02/2023 Libro impreso